[Event "Grand Swiss - Femmes"]
[Date "2025.09.07"]
[White "Ouellet, Maili-Jade"]
[Black "Bulmaga, Irina"]
[WhiteElo "2348"]
[BlackElo "2400"]
[Round "4.4.9"]
[Result "0-1"]

1. d4 {[%clk 01:30:57]} Nf6 {[%clk 01:30:54] [%emt 00:00:07]} 2. c4 {[%clk
01:31:23] [%emt 00:00:04]} e6 {[%clk 01:31:17] [%emt 00:00:06]} 3. Nc3 {[%clk
01:31:48] [%emt 00:00:05]} Bb4 {[%clk 01:31:40] [%emt 00:00:07]} 4. e3 {[%clk
01:32:03] [%emt 00:00:15]} O-O {[%clk 01:31:43] [%emt 00:00:28]} 5. Nge2 {[%clk
01:31:38] [%emt 00:00:55]} Re8 {[%clk 01:31:00] [%emt 00:01:13]} 6. a3 {[%clk
01:31:43] [%emt 00:00:26]} Bf8 {[%clk 01:31:05] [%emt 00:00:23]} 7. Nf4 {[%clk
01:26:02] [%emt 00:06:12]} d5 {[%clk 01:29:23] [%emt 00:02:12]} 8. cxd5 {[%clk
01:26:06] [%emt 00:00:27]} exd5 {[%clk 01:29:11] [%emt 00:00:42]} 9. Bd3 {[%clk
01:26:24] [%emt 00:00:12]} b6 {[%clk 01:22:56] [%emt 00:06:46]} 10. O-O {[%clk
01:22:50] [%emt 00:04:04]} Ba6 {[%clk 01:02:56] [%emt 00:20:30]} 11. Bxa6 {[%clk
01:21:56] [%emt 00:01:24]} Nxa6 {[%clk 01:01:32] [%emt 00:01:53]} 12. Qa4 {[%clk
01:19:39] [%emt 00:02:48]} Qc8 {[%clk 00:52:30] [%emt 00:09:32]} 13. Ncxd5
{[%clk 01:18:20] [%emt 00:01:48]} Nxd5 {[%clk 00:52:53] [%emt 00:00:07]} 14.
Nxd5 {[%clk 01:18:46] [%emt 00:00:04]} c5 {[%clk 00:51:03] [%emt 00:02:20]} 15.
Bd2 {[%clk 01:10:12] [%emt 00:09:05]} Qb7 {[%clk 00:32:24] [%emt 00:19:09]} 16.
Nc3 {[%clk 01:06:07] [%emt 00:04:34]} cxd4 {[%clk 00:27:10] [%emt 00:05:44]} 17.
exd4 {[%clk 01:05:41] [%emt 00:00:56]} Nc7 {[%clk 00:27:03] [%emt 00:00:37]} 18.
Rfe1 {[%clk 01:02:35] [%emt 00:03:36]} Red8 {[%clk 00:26:22] [%emt 00:01:10]}
19. Re4 {[%clk 01:00:25] [%emt 00:02:39]} Ne6 {[%clk 00:20:07] [%emt 00:06:46]}
20. Be3 {[%clk 00:54:05] [%emt 00:06:50]} Rac8 {[%clk 00:18:13] [%emt 00:02:24]}
21. Rg4 {[%clk 00:43:38] [%emt 00:10:57]} f5 {[%clk 00:14:42] [%emt 00:04:02]}
22. Rh4 {[%clk 00:39:15] [%emt 00:04:53]} Be7 {[%clk 00:09:25] [%emt 00:05:47]}
23. Rh3 {[%clk 00:38:19] [%emt 00:01:26]} Bf6 {[%clk 00:09:46] [%emt 00:00:08]}
24. Qb3 {[%clk 00:36:04] [%emt 00:02:45]} Qf7 {[%clk 00:09:22] [%emt 00:00:54]}
25. Nd5 {[%clk 00:31:33] [%emt 00:05:01]} Rd6 {[%clk 00:05:30] [%emt 00:04:23]}
26. Re1 {[%clk 00:23:10] [%emt 00:08:54]} f4 {[%clk 00:05:36] [%emt 00:00:24]}
27. Nxf6+ {[%clk 00:19:59] [%emt 00:03:40]} Qxf6 {[%clk 00:01:22] [%emt
00:04:44]} 28. Bd2 {[%clk 00:20:01] [%emt 00:00:28]} Qf7 {[%clk 00:00:51] [%emt
00:01:01]} 29. d5 {[%clk 00:12:15] [%emt 00:08:16]} Nc7 {[%clk 00:00:42] [%emt
00:00:40]} 30. Qc2 {[%clk 00:05:11] [%emt 00:07:34]} Rg6 {[%clk 00:01:09] [%emt
00:00:03]} 31. Re5 {[%clk 00:02:29] [%emt 00:03:12]} Rd8 {[%clk 00:00:58] [%emt
00:00:41]} 32. Rf5 {[%clk 00:02:28] [%emt 00:00:31]} Qe7 {[%clk 00:00:41] [%emt
00:00:46]} 33. Bb4 {[%clk 00:02:20] [%emt 00:00:38]} Qd7 {[%clk 00:00:36] [%emt
00:00:35]} 34. d6 {[%clk 00:01:13] [%emt 00:01:37]} Ne8 {[%clk 00:00:32] [%emt
00:00:33]} 35. Rfh5 {[%clk 00:01:09] [%emt 00:00:34]} Nxd6 {[%clk 00:00:41]
[%emt 00:00:22]} 36. Rxh7 {[%clk 00:01:18] [%emt 00:00:21]} Nf7 {[%clk 00:00:34]
[%emt 00:00:36]} 37. Be1 {[%clk 00:00:56] [%emt 00:00:52]} Qe6 {[%clk 00:00:46]
[%emt 00:00:18]} 38. Kf1 {[%clk 00:01:01] [%emt 00:00:25]} Nh6 {[%clk 00:00:37]
[%emt 00:00:39]} 39. R7xh6 {[%clk 00:00:39] [%emt 00:00:53]} Rxh6 {[%clk
00:01:04] [%emt 00:00:03]} 40. Rxh6 {[%clk 00:00:37] [%emt 00:00:32]} Qxh6
{[%clk 00:01:19] [%emt 00:00:14]} 41. Qb3+ {[%clk 00:27:09] [%emt 00:03:58]} Kh8
{[%clk 00:30:47] [%emt 00:01:03]} 42. Kg1 {[%clk 00:26:47] [%emt 00:00:52]} Re8
{[%clk 00:30:06] [%emt 00:01:10]} 43. Bc3 {[%clk 00:26:10] [%emt 00:01:07]} Qg6
{[%clk 00:28:09] [%emt 00:02:27]} 44. Qd1 {[%clk 00:24:48] [%emt 00:01:53]} f3
{[%clk 00:27:16] [%emt 00:01:23]} 45. g3 {[%clk 00:24:57] [%emt 00:00:21]} Qe4
{[%clk 00:24:41] [%emt 00:03:05]} 46. h3 {[%clk 00:24:44] [%emt 00:00:43]} Kh7
{[%clk 00:21:14] [%emt 00:03:57]} 47. Kh2 {[%clk 00:23:46] [%emt 00:01:29]} Re7
{[%clk 00:19:37] [%emt 00:02:07]} 48. Kg1 {[%clk 00:23:49] [%emt 00:00:27]} Qf5
{[%clk 00:19:07] [%emt 00:00:59]} 49. g4 {[%clk 00:18:09] [%emt 00:06:10]} Rd7
{[%clk 00:15:18] [%emt 00:04:19]} 50. gxf5 {[%clk 00:16:03] [%emt 00:02:36]}
Rxd1+ {[%clk 00:15:44] [%emt 00:00:04]} 51. Kh2 {[%clk 00:16:30] [%emt
00:00:03]} Rd5 {[%clk 00:14:40] [%emt 00:01:34]} 52. f6 {[%clk 00:09:42] [%emt
00:07:18]} gxf6 {[%clk 00:14:40] [%emt 00:00:30]} 53. Bxf6 {[%clk 00:09:53]
[%emt 00:00:19]} Kg6 {[%clk 00:12:13] [%emt 00:02:56]} 54. Bc3 {[%clk 00:09:36]
[%emt 00:00:48]} Rg5 {[%clk 00:11:57] [%emt 00:00:46]} 55. h4 {[%clk 00:08:42]
[%emt 00:01:24]} Rg2+ {[%clk 00:10:57] [%emt 00:01:30]} 56. Kh3 {[%clk 00:09:12]
[%emt 00:00:01]} Kf5 {[%clk 00:10:13] [%emt 00:01:13]} 57. Bd4 {[%clk 00:08:47]
[%emt 00:00:55]} Ke4 {[%clk 00:10:00] [%emt 00:00:43]} 58. Be3 {[%clk 00:09:10]
[%emt 00:00:08]} Kf5 {[%clk 00:06:00] [%emt 00:04:29]} 59. h5 {[%clk 00:06:40]
[%emt 00:03:00]} Rg1 {[%clk 00:06:28] [%emt 00:00:02]} 60. h6 {[%clk 00:06:03]
[%emt 00:01:08]} Kg6 {[%clk 00:06:55] [%emt 00:00:03]} 61. Kh2 {[%clk 00:05:58]
[%emt 00:00:34]} Rb1 {[%clk 00:04:06] [%emt 00:03:19]} 62. Bd4 {[%clk 00:06:27]
[%emt 00:00:02]} Kxh6 {[%clk 00:04:11] [%emt 00:00:25]} 63. Kg3 {[%clk 00:06:56]
[%emt 00:00:01]} Rd1 {[%clk 00:01:56] [%emt 00:02:44]} 64. Be3+ {[%clk 00:07:24]
[%emt 00:00:03]} Kg6 {[%clk 00:02:21] [%emt 00:00:04]} 65. Kxf3 {[%clk 00:07:47]
[%emt 00:00:06]} Kf5 {[%clk 00:02:39] [%emt 00:00:12]} 66. Ke2 {[%clk 00:07:51]
[%emt 00:00:27]} Rb1 {[%clk 00:00:57] [%emt 00:02:12]} 67. Bd4 {[%clk 00:08:20]
[%emt 00:00:01]} Ke4 {[%clk 00:01:16] [%emt 00:00:10]} 68. Bc3 {[%clk 00:08:05]
[%emt 00:00:44]} b5 {[%clk 00:01:07] [%emt 00:00:39]} 69. f3+ {[%clk 00:06:20]
[%emt 00:02:16]} Kf4 {[%clk 00:01:36]} 70. Bd2+ {[%clk 00:06:34] [%emt
00:00:16]} Kg3 {[%clk 00:01:58] [%emt 00:00:08]} 71. Bc3 {[%clk 00:06:41] [%emt
00:00:23]} Kg2 {[%clk 00:00:46] [%emt 00:01:41]} 72. f4 {[%clk 00:06:54] [%emt
00:00:17]} Rf1 {[%clk 00:01:09] [%emt 00:00:07]} 73. Be5 {[%clk 00:07:19] [%emt
00:00:06]} Rf3 {[%clk 00:01:30] [%emt 00:00:08]} 74. Bd4 {[%clk 00:04:53] [%emt
00:02:57]} a6 {[%clk 00:00:42] [%emt 00:01:19]} 75. Be5 {[%clk 00:04:45] [%emt
00:00:38]} Rh3 {[%clk 00:00:40] [%emt 00:00:31]} 76. Bc3 {[%clk 00:04:40] [%emt
00:00:36]} Rf3 {[%clk 00:00:53] [%emt 00:00:17]} 77. Be5 {[%clk 00:05:09] [%emt
00:00:02]} a5 {[%clk 00:00:51] [%emt 00:00:32]} 78. Kd2 {[%clk 00:02:36] [%emt
00:03:03]} b4 {[%clk 00:00:34] [%emt 00:00:48]} 79. axb4 {[%clk 00:02:41] [%emt
00:00:25]} axb4 {[%clk 00:01:03] [%emt 00:00:01]} 80. Ke2 {[%clk 00:02:12] [%emt
00:00:59]} b3 {[%clk 00:00:33] [%emt 00:01:00]} 81. Kd2 {[%clk 00:02:07] [%emt
00:00:35]} Kh3 {[%clk 00:00:46] [%emt 00:00:17]} 82. Ke2 {[%clk 00:01:48] [%emt
00:00:49]} Kg4 {[%clk 00:01:14] [%emt 00:00:01]} 83. Bd6 {[%clk 00:01:16] [%emt
00:01:01]} Rh3 {[%clk 00:01:42] [%emt 00:00:03]} 84. Kd2 {[%clk 00:01:13] [%emt
00:00:33]} Kf5 {[%clk 00:02:09] [%emt 00:00:04]} 85. Be5 {[%clk 00:01:04] [%emt
00:00:39]} Ke4 {[%clk 00:02:37] [%emt 00:00:01]} 86. Bb8 {[%clk 00:01:08] [%emt
00:00:27]} Rd3+ {[%clk 00:02:53] [%emt 00:00:14]} 87. Ke2 {[%clk 00:00:57] [%emt
00:00:42]} Rc3 {[%clk 00:02:29] [%emt 00:00:53]} 88. Be5 {[%clk 00:00:59] [%emt
00:00:28]} Rc2+ {[%clk 00:02:57] [%emt 00:00:02]} 89. Kf1 {[%clk 00:01:02] [%emt
00:00:26]} Ke3 {[%clk 00:03:02] [%emt 00:00:25]} 90. Kg1 {[%clk 00:01:19] [%emt
00:00:14]} Kf3 {[%clk 00:02:13] [%emt 00:01:19]} 91. Kh1 {[%clk 00:01:32] [%emt
00:00:17]} Rg2 {[%clk 00:01:23] [%emt 00:01:19]} 92. Bc3 {[%clk 00:01:18] [%emt
00:00:45]} Rg4 {[%clk 00:01:22] [%emt 00:00:30]} 93. f5 {[%clk 00:00:51] [%emt
00:00:59]} Kf2 {[%clk 00:01:19] [%emt 00:00:33]} 94. Be5 {[%clk 00:01:18] [%emt
00:00:01]} Rh4+ {[%clk 00:01:13] [%emt 00:00:37]} 95. Bh2 {[%clk 00:01:47] [%emt
00:00:02]} Rh6 {[%clk 00:01:23] [%emt 00:00:19]} 96. f6 {[%clk 00:01:55] [%emt
00:00:22]} Rxf6 {[%clk 00:01:44] [%emt 00:00:09]} 97. Bg1+ {[%clk 00:02:04]
[%emt 00:00:20]} Kf1 {[%clk 00:01:30] [%emt 00:00:45]} 98. Bh2 {[%clk 00:02:20]
[%emt 00:00:15]} Rf7 {[%clk 00:01:43] [%emt 00:00:17]} 0-1

[Site "Europe Echecs"]

[Event "Grand Swiss - Femmes"]
[Date "2025.09.07"]
[White "Shukhman, Anna"]
[Black "Efroimski, Marsel"]
[WhiteElo "2420"]
[BlackElo "2377"]
[Round "4.4.15"]
[Result "1/2-1/2"]

1. e4 {[%clk 01:30:58] [%emt 00:00:02]} c5 {[%clk 01:30:56] [%emt 00:00:05]} 2.
Nf3 {[%clk 01:31:25] [%emt 00:00:03]} Nc6 {[%clk 01:31:22] [%emt 00:00:04]} 3.
Bb5 {[%clk 01:31:53] [%emt 00:00:03]} g6 {[%clk 01:31:47] [%emt 00:00:04]} 4.
O-O {[%clk 01:32:12] [%emt 00:00:11]} Bg7 {[%clk 01:32:08] [%emt 00:00:09]} 5.
c3 {[%clk 01:32:39] [%emt 00:00:03]} Nf6 {[%clk 01:32:25] [%emt 00:00:13]} 6.
Re1 {[%clk 01:32:55] [%emt 00:00:15]} O-O {[%clk 01:32:44] [%emt 00:00:10]} 7.
d4 {[%clk 01:33:07] [%emt 00:00:19]} d5 {[%clk 01:32:53] [%emt 00:00:20]} 8. e5
{[%clk 01:33:33] [%emt 00:00:04]} Ne4 {[%clk 01:33:19] [%emt 00:00:03]} 9. Be3
{[%clk 01:33:39] [%emt 00:00:24]} cxd4 {[%clk 01:32:55] [%emt 00:00:55]} 10.
cxd4 {[%clk 01:33:57] [%emt 00:00:12]} Qb6 {[%clk 01:33:21] [%emt 00:00:03]} 11.
Bxc6 {[%clk 01:34:17] [%emt 00:00:11]} Qxc6 {[%clk 01:33:47] [%emt 00:00:04]}
12. Ng5 {[%clk 01:33:29] [%emt 00:01:18]} Rd8 {[%clk 01:34:10] [%emt 00:00:07]}
13. Qb3 {[%clk 01:26:27] [%emt 00:07:32]} Bf5 {[%clk 01:19:53] [%emt 00:14:47]}
14. Nxe4 {[%clk 01:23:49] [%emt 00:03:08]} dxe4 {[%clk 01:19:42] [%emt
00:00:40]} 15. Nc3 {[%clk 01:24:06] [%emt 00:00:14]} Be6 {[%clk 01:12:07] [%emt
00:08:05]} 16. Qa3 {[%clk 01:23:24] [%emt 00:01:12]} Bf8 {[%clk 00:48:58] [%emt
00:23:39]} 17. Rac1 {[%clk 01:20:42] [%emt 00:03:12]} b6 {[%clk 00:43:10] [%emt
00:06:18]} 18. Qa6 {[%clk 00:49:54] [%emt 00:31:18]} Bc4 {[%clk 00:34:26] [%emt
00:09:15]} 19. d5 {[%clk 00:48:40] [%emt 00:01:44]} Bxd5 {[%clk 00:29:46] [%emt
00:05:10]} 20. Nb5 {[%clk 00:49:07] [%emt 00:00:03]} Qb7 {[%clk 00:20:05] [%emt
00:10:10]} 21. Qxb7 {[%clk 00:49:22] [%emt 00:00:15]} Bxb7 {[%clk 00:20:34]
[%emt 00:00:01]} 22. Rc7 {[%clk 00:49:41] [%emt 00:00:10]} Bd5 {[%clk 00:16:29]
[%emt 00:04:36]} 23. Nxa7 {[%clk 00:49:29] [%emt 00:00:42]} Bxa2 {[%clk
00:11:50] [%emt 00:05:09]} 24. Bxb6 {[%clk 00:49:28] [%emt 00:00:31]} Rdb8
{[%clk 00:03:24] [%emt 00:08:56]} 25. Bd4 {[%clk 00:47:02] [%emt 00:02:56]} Bd5
{[%clk 00:03:43] [%emt 00:00:11]} 26. Rec1 {[%clk 00:38:47] [%emt 00:08:45]} e6
{[%clk 00:03:01] [%emt 00:01:12]} 27. Nc8 {[%clk 00:36:59] [%emt 00:02:18]} Bh6
{[%clk 00:02:22] [%emt 00:01:09]} 28. Ne7+ {[%clk 00:31:34] [%emt 00:05:56]} Kg7
{[%clk 00:02:47] [%emt 00:00:04]} 29. Be3 {[%clk 00:29:59] [%emt 00:02:05]} Bxe3
{[%clk 00:03:05] [%emt 00:00:12]} 30. fxe3 {[%clk 00:30:28] [%emt 00:00:02]}
Rxb2 {[%clk 00:00:48] [%emt 00:02:47]} 31. Nxd5 {[%clk 00:30:50] [%emt
00:00:07]} Raa2 {[%clk 00:00:47] [%emt 00:00:31]} 32. Nf4 {[%clk 00:25:26] [%emt
00:05:54]} g5 {[%clk 00:01:14] [%emt 00:00:03]} 33. Nxe6+ {[%clk 00:25:23] [%emt
00:00:33]} Kg6 {[%clk 00:01:34] [%emt 00:00:10]} 34. Nd4 {[%clk 00:25:26] [%emt
00:00:27]} Rxg2+ {[%clk 00:02:00] [%emt 00:00:05]} 35. Kf1 {[%clk 00:25:54]
[%emt 00:00:01]} Rxh2 {[%clk 00:01:47] [%emt 00:00:43]} 36. R7c6+ {[%clk
00:23:39] [%emt 00:02:46]} Kh5 {[%clk 00:01:53] [%emt 00:00:24]} 37. R6c2 {[%clk
00:23:53] [%emt 00:00:15]} Raxc2 {[%clk 00:01:35] [%emt 00:00:48]} 38. Rxc2
{[%clk 00:24:20] [%emt 00:00:04]} Rxc2 {[%clk 00:01:57] [%emt 00:00:08]} 39.
Nxc2 {[%clk 00:24:48] [%emt 00:00:01]} Kg6 {[%clk 00:01:51] [%emt 00:00:36]} 40.
Nd4 {[%clk 00:25:04] [%emt 00:00:14]} f5 {[%clk 00:00:44] [%emt 00:01:37]} 41.
exf6 {[%clk 00:14:25] [%emt 00:11:09]} Kxf6 {[%clk 00:01:09] [%emt 00:00:05]}
42. Ne2 {[%clk 00:14:51] [%emt 00:00:04]} h5 {[%clk 00:27:13] [%emt 00:04:26]}
43. Ng3 {[%clk 00:24:12] [%emt 00:21:09]} h4 {[%clk 00:27:32] [%emt 00:00:11]}
44. Nxe4+ {[%clk 00:24:39] [%emt 00:00:03]} Kf5 {[%clk 00:27:59] [%emt
00:00:04]} 45. Nc3 {[%clk 00:22:43] [%emt 00:02:25]} g4 {[%clk 00:26:44] [%emt
00:01:44]} 46. Kf2 {[%clk 00:22:13] [%emt 00:01:00]} Ke5 {[%clk 00:26:25] [%emt
00:00:51]} 47. Ne2 {[%clk 00:21:27] [%emt 00:01:15]} Ke4 {[%clk 00:25:34] [%emt
00:01:21]} 48. Nf4 {[%clk 00:20:51] [%emt 00:01:06]} Kf5 {[%clk 00:24:08] [%emt
00:01:56]} 49. Kf1 {[%clk 00:19:13] [%emt 00:02:07]} Kg5 {[%clk 00:20:00] [%emt
00:04:38]} 50. Ke2 {[%clk 00:04:03] [%emt 00:15:40]} Kf5 {[%clk 00:19:49] [%emt
00:00:41]} 51. Kf2 {[%clk 00:04:28] [%emt 00:00:05]} Ke4 {[%clk 00:17:14] [%emt
00:03:05]} 52. Ke2 {[%clk 00:04:38] [%emt 00:00:21]} Kf5 {[%clk 00:17:35] [%emt
00:00:09]} 53. Kf1 {[%clk 00:04:25] [%emt 00:00:42]} Kg5 {[%clk 00:17:24] [%emt
00:00:41]} 54. Ng2 {[%clk 00:04:47] [%emt 00:00:08]} Kh5 {[%clk 00:17:47] [%emt
00:00:07]} 55. Kf2 {[%clk 00:03:14] [%emt 00:02:03]} Kg5 {[%clk 00:17:41] [%emt
00:00:37]} 56. Kg1 {[%clk 00:03:05] [%emt 00:00:37]} Kh5 {[%clk 00:17:50] [%emt
00:00:23]} 57. Nf4+ {[%clk 00:02:35] [%emt 00:01:00]} Kg5 {[%clk 00:18:15] [%emt
00:00:05]} 58. Kf2 {[%clk 00:02:32] [%emt 00:00:32]} Kf5 {[%clk 00:18:18] [%emt
00:00:27]} 59. Ke2 {[%clk 00:02:58] [%emt 00:00:03]} Ke4 {[%clk 00:16:01] [%emt
00:02:48]} 60. Nd3 {[%clk 00:02:43] [%emt 00:00:46]} Kf5 {[%clk 00:14:40] [%emt
00:01:51]} 61. Nf4 {[%clk 00:01:39] [%emt 00:01:34]} Ke4 {[%clk 00:14:05] [%emt
00:01:06]} 62. Nh5 {[%clk 00:01:32] [%emt 00:00:37]} Kf5 {[%clk 00:13:57] [%emt
00:00:38]} 63. Kf2 {[%clk 00:01:35] [%emt 00:00:26]} Kg6 {[%clk 00:13:58] [%emt
00:00:30]} 64. Nf4+ {[%clk 00:02:01] [%emt 00:00:04]} Kg5 {[%clk 00:13:46] [%emt
00:01:20]} 65. Ng2 {[%clk 00:03:37] [%emt 00:05:16]} Kh5 {[%clk 00:14:11] [%emt
00:00:05]} 66. Ne1 {[%clk 00:02:29] [%emt 00:01:37]} Kg5 {[%clk 00:14:32] [%emt
00:00:09]} 67. Nc2 {[%clk 00:02:58] [%emt 00:00:02]} Kf5 {[%clk 00:14:50] [%emt
00:00:12]} 68. Nd4+ {[%clk 00:02:38] [%emt 00:00:50]} Ke4 {[%clk 00:14:41] [%emt
00:00:39]} 69. Ne2 {[%clk 00:02:20] [%emt 00:00:49]} 1/2-1/2

[Site "Europe Echecs"]

[Event "Grand Swiss - Femmes"]
[Date "2025.09.07"]
[White "Garifullina, Leya"]
[Black "Mkrtchian, Lilit"]
[WhiteElo "2477"]
[BlackElo "2393"]
[Round "4.4.22"]
[Result "1-0"]

1. e4 {[%clk 01:30:43] [%emt 00:00:16]} c6 {[%clk 01:30:45] [%emt 00:00:14]} 2.
d4 {[%clk 01:31:04] [%emt 00:00:09]} d5 {[%clk 01:31:06] [%emt 00:00:09]} 3. e5
{[%clk 01:31:30] [%emt 00:00:04]} Bf5 {[%clk 01:31:12] [%emt 00:00:24]} 4. h4
{[%clk 01:31:35] [%emt 00:00:25]} a6 {[%clk 01:30:16] [%emt 00:01:27]} 5. g4
{[%clk 01:30:25] [%emt 00:01:40]} Bd7 {[%clk 01:30:38] [%emt 00:00:07]} 6. Be3
{[%clk 01:29:32] [%emt 00:01:23]} Qc8 {[%clk 01:26:42] [%emt 00:04:26]} 7. Be2
{[%clk 01:28:38] [%emt 00:01:24]} e6 {[%clk 01:26:53] [%emt 00:00:19]} 8. h5
{[%clk 01:27:11] [%emt 00:01:57]} c5 {[%clk 01:26:56] [%emt 00:00:28]} 9. c3
{[%clk 01:27:08] [%emt 00:00:32]} Bb5 {[%clk 01:21:58] [%emt 00:05:27]} 10. Nd2
{[%clk 01:22:52] [%emt 00:04:46]} Nd7 {[%clk 01:15:18] [%emt 00:07:10]} 11. f4
{[%clk 01:18:40] [%emt 00:04:43]} Ne7 {[%clk 01:04:56] [%emt 00:10:53]} 12. Ngf3
{[%clk 01:16:01] [%emt 00:03:08]} Bxe2 {[%clk 00:36:48] [%emt 00:28:38]} 13.
Qxe2 {[%clk 01:11:57] [%emt 00:04:33]} cxd4 {[%clk 00:37:09] [%emt 00:00:09]}
14. cxd4 {[%clk 01:10:42] [%emt 00:01:45]} Qc2 {[%clk 00:37:32] [%emt 00:00:07]}
15. Kf2 {[%clk 01:04:28] [%emt 00:06:44]} Nc6 {[%clk 00:37:38] [%emt 00:00:24]}
16. Rac1 {[%clk 01:00:58] [%emt 00:03:59]} Qa4 {[%clk 00:37:34] [%emt 00:00:34]}
17. a3 {[%clk 00:57:54] [%emt 00:03:35]} h6 {[%clk 00:32:57] [%emt 00:05:07]}
18. Qd3 {[%clk 00:55:10] [%emt 00:03:13]} Be7 {[%clk 00:19:42] [%emt 00:13:45]}
19. f5 {[%clk 00:51:15] [%emt 00:04:25]} Nb6 {[%clk 00:19:54] [%emt 00:00:19]}
20. Rc3 {[%clk 00:49:27] [%emt 00:02:17]} Kd7 {[%clk 00:19:28] [%emt 00:00:57]}
21. Rhc1 {[%clk 00:46:32] [%emt 00:03:25]} Rac8 {[%clk 00:19:27] [%emt
00:00:31]} 22. Rb3 {[%clk 00:44:04] [%emt 00:02:58]} Na5 {[%clk 00:16:46] [%emt
00:03:11]} 23. Rxc8 {[%clk 00:40:41] [%emt 00:03:52]} Nxc8 {[%clk 00:17:05]
[%emt 00:00:11]} 24. Rc3 {[%clk 00:40:56] [%emt 00:00:15]} Qd1 {[%clk 00:12:14]
[%emt 00:05:21]} 25. f6 {[%clk 00:25:02] [%emt 00:16:24]} gxf6 {[%clk 00:09:16]
[%emt 00:03:28]} 26. b4 {[%clk 00:22:05] [%emt 00:03:27]} Nc6 {[%clk 00:02:32]
[%emt 00:07:15]} 27. b5 {[%clk 00:22:05] [%emt 00:00:30]} axb5 {[%clk 00:01:24]
[%emt 00:01:38]} 28. Qxb5 {[%clk 00:22:30] [%emt 00:00:04]} Kc7 {[%clk 00:01:18]
[%emt 00:00:36]} 29. Rb3 {[%clk 00:18:37] [%emt 00:04:23]} b6 {[%clk 00:00:56]
[%emt 00:00:52]} 30. Rc3 {[%clk 00:18:21] [%emt 00:00:46]} N8a7 {[%clk 00:01:00]
[%emt 00:00:26]} 31. Qa6 {[%clk 00:17:41] [%emt 00:01:10]} Ra8 {[%clk 00:01:07]
[%emt 00:00:23]} 32. exf6 {[%clk 00:16:40] [%emt 00:01:31]} Bd6 {[%clk 00:00:56]
[%emt 00:00:42]} 33. Bxh6 {[%clk 00:16:07] [%emt 00:01:02]} Qa1 {[%clk 00:01:10]
[%emt 00:00:15]} 34. Rb3 {[%clk 00:15:11] [%emt 00:01:25]} b5 {[%clk 00:01:04]
[%emt 00:00:37]} 35. Be3 {[%clk 00:14:40] [%emt 00:01:01]} Rg8 {[%clk 00:00:42]
[%emt 00:00:52]} 36. g5 {[%clk 00:15:00] [%emt 00:00:10]} Qh1 {[%clk 00:00:46]
[%emt 00:00:26]} 37. Rc3 {[%clk 00:14:29] [%emt 00:01:00]} Ra8 {[%clk 00:00:50]
[%emt 00:00:27]} 38. Rxc6+ {[%clk 00:14:39] [%emt 00:00:20]} 1-0

[Site "Europe Echecs"]